Normal view MARC view

Entry Personal Name

Number of records used in: 1

001 - CONTROL NUMBER

  • control field: 62984

003 - CONTROL NUMBER IDENTIFIER

  • control field: OSt

005 - DATE AND TIME OF LATEST TRANSACTION

  • control field: 20220918183522.0

008 - FIXED-LENGTH DATA ELEMENTS

  • fixed length control field: 220918|| aca||aabn | a|a d

040 ## - CATALOGING SOURCE

  • Original cataloging agency: OSt
  • Transcribing agency: OSt

100 ## - HEADING--PERSONAL NAME

  • Personal name: Govinda

670 ## - SOURCE DATA FOUND

  • Source citation: Work cat.: (OSt)172918: Govinda, Kavya pradipa with the comm of Vaidyanatha Tatsat ed by Durga Prasad and Vasudev Laxman Pansikar, 1912
Copyright @ Delhi University Library System